000 00463nam a2200181Ia 4500
001 23749
005 20260414150958.0
008 260414t1992||||xx |||||||||||||| ||spa||
041 _aESP
082 _a704
_bS42
100 _aSerrador y Añino, Ricardo
_eAUT
245 0 _aIniciación a la vexilología :
_b(la ciencia de las banderas)
260 _c1992
300 _a252 páginas :
_c23 cm.
650 _aABD
654 _aCAU
942 _cLIB
_dJUS
_fJUS
_2ddc
_n
999 _c23749
_d23749